| 000 | 00918 a2200229 4500 | ||
|---|---|---|---|
| 999 |
_c4264 _d4264 |
||
| 020 | _a0797425013 | ||
| 050 | 0 | 0 | _aPN 5499 HUM 2002 |
| 245 | 0 | 0 |
_aHuman rights and the media / _c[compiled by G. Mudzongo, F.G. Chiweshe, P. Matsheza]. |
| 264 |
_aHarare: _bHuman Rights Trust of Southern Africa, _c2002 |
||
| 300 |
_a125 p. : _bill. ; |
||
| 500 | _aResults of two workshops held June 1-4, 1998, and Nov. 24-25, 1999, in Zimbabwe. | ||
| 504 | _aIncludes bibliographical references. | ||
| 650 | 0 |
_aHuman rights _xPress coverage |
|
| 650 | 0 |
_aJournalism _xPolitical aspects |
|
| 650 | 0 | _aGovernment and the press | |
| 700 | 1 |
_aMudzongo, G. _q(Goretti) |
|
| 700 | 1 | _aChiweshe, F. G. | |
| 700 | 1 | _aMatsheza, Philliat. | |
| 710 | 2 | _aHuman Rights Trust of Southern Africa. | |
| 942 |
_2lcc _cBK _h5499 _iHUM _kPN |
||